Nâng quy mô và thẩm định quy trình sản xuất thuốc thành phẩm : Giáo trình đào tạo sau đại học

Giáo trình sẽ giới thiệu cho người học những kiến thức về nâng quy mô sản xuất một số thuốc rắn, thuốc lỏng và sản phẩm công nghệ sinh học. Tài liệu giúp người đọc thiết kế, triển khai thẩm định quy trình sản xuất dược phẩm theo ph...

Cijeli opis

Spremljeno u:
Bibliografski detalji
Glavni autor: Nguyễn Ngọc Chiến (Chủ biên)
Daljnji autori: Nguyễn Văn Hân, Nguyễn Phúc Nghĩa
Format: Knjiga
Jezik:Vietnamese
Izdano: H. Y học 2019
Teme:
Oznake: Dodaj oznaku
Bez oznaka, Budi prvi tko označuje ovaj zapis!
Thư viện lưu trữ: Thư viện Trường Đại học Nam Cần Thơ
LEADER 02033nam a22002657a 4500
001 NCT_74996
008 200221b xxu||||| |||| 00| 0 vie d
999 |c 3656  |d 3656 
020 |a 9786046637271  |c 82000 
082 0 4 |2 23rd ed.  |a 616.1  |b Ch305 
100 1 |a Nguyễn Ngọc Chiến  |e Chủ biên 
245 1 0 |a Nâng quy mô và thẩm định quy trình sản xuất thuốc thành phẩm :   |b Giáo trình đào tạo sau đại học  |c Nguyễn Ngọc Chiến (chủ biên) ; Nguyễn Văn Hân, Nguyễn Phúc Nghĩa 
260 |a H.  |b Y học  |c 2019 
300 |a 254 tr.  |b hình vẽ  |c 27cm 
500 |a ĐTTS ghi : Trường Đại học Dược Hà Nội. Bộ môn Công nghiệp dược 
520 3 |a Giáo trình sẽ giới thiệu cho người học những kiến thức về nâng quy mô sản xuất một số thuốc rắn, thuốc lỏng và sản phẩm công nghệ sinh học. Tài liệu giúp người đọc thiết kế, triển khai thẩm định quy trình sản xuất dược phẩm theo phương pháp kinh điển cũng như cập nhật xu hướng mới. 
653 |a Dược học 
700 1 |a Nguyễn Văn Hân 
700 1 |a Nguyễn Phúc Nghĩa 
942 |2 ddc  |c BK 
952 |0 0  |1 0  |2 ddc  |4 0  |6 616_100000000000000_CH305  |7 0  |9 18768  |a 000001  |b 000001  |d 2020-02-21  |o 616.1 Ch305  |p MD.16329  |r 2020-02-21  |v 82000.00  |w 2020-02-21  |y BK 
952 |0 0  |1 0  |2 ddc  |4 0  |6 616_100000000000000_CH305  |7 0  |9 18769  |a 000001  |b 000001  |d 2020-02-21  |o 616.1 Ch305  |p MD.16330  |r 2020-02-21  |v 82000.00  |w 2020-02-21  |y BK 
952 |0 0  |1 0  |2 ddc  |4 0  |6 616_100000000000000_CH305  |7 0  |9 18770  |a 000001  |b 000001  |d 2020-02-21  |l 1  |o 616.1 Ch305  |p MD.16331  |r 2020-09-30  |s 2020-09-18  |v 82000.00  |w 2020-02-21  |y BK 
952 |0 0  |1 0  |2 ddc  |4 0  |6 616_100000000000000_CH305  |7 0  |9 18771  |a 000001  |b 000001  |d 2020-02-21  |o 616.1 Ch305  |p MD.16332  |r 2020-02-21  |v 82000.00  |w 2020-02-21  |y BK 
980 |a Thư viện Trường Đại học Nam Cần Thơ